000 00547nam a2200229Ia 4500
003 0100
008 130227s9999 xx 000 0 und d
040 _cARRUPELIB
050 _aBD161.L565 1982
100 _aLenfers, Dietmar
245 _aSearch for truth
245 _ba student's manual of epistemology
260 _aAdigrat
260 _bMajor Seminary
260 _C1982
300 _a108p.
300 _b 21cm.
650 _bBerlin, Isaiah
650 _cHistory--Philosophy
650 _dPhilosophy, Modern
942 _2lcc
_01
999 _c1068
_d1068